| Поле | Инд. | ПП | Название | Значение |
|---|---|---|---|---|
| Тип записи | a | |||
| Библиографический уровень | m | |||
| 001 | Контрольный номер | 3be9ff6a-5dd6-4f03-82be-b5fa03e990f5 | ||
| 005 | Дата корректировки | 20200409120352.3 | ||
| 008 | Кодируемые данные | 051111 | ||
| 020 | a | ISBN | 5-238-00823-6 | |
| c | Цена, тираж | 148.80 | ||
| 040 | a | Служба первич. каталог. | НБ ТвГУ | |
| 041 | 0_ | a | Код языка текста | rus |
| 080 | a | Индекс УДК | 374.7(075) | |
| 084 | a | Индекс другой классификации/Индекс ББК | Ч44я7-1 | |
| a | Индекс другой классификации/Индекс ББК | Ч44я73-1 | ||
| 090 | a | Полочн. индекс | Ч44 | |
| x | Авторский знак | Г 87 | ||
| 100 | 1_ | a | Автор | Громкова Майя Тимофеевна |
| e | Роль лиц | Автор | ||
| 245 | 10 | a | Заглавие | Андрагогика |
| b | Продолж. заглавия | теория и практика образования взрослых : учебное пособие для системы дополнительного профессионального образования : для студентов вузов, обучающихся по педагогическим специальностям (030000) | ||
| c | Ответственность | М. Т. Громкова | ||
| 260 | 0_ | a | Место издания | Москва |
| b | Издательство | ЮНИТИ | ||
| c | Дата издания | 2005 | ||
| 300 | a | Объем | 496 с. | |
| b | Иллюстрации/ тип воспроизводства | ил., табл. | ||
| 440 | _0 | a | Серия | Высшее профессиональное образование |
| a | Серия | Педагогика | ||
| 504 | a | Библиография | Библиогр.: с. 491-494. | |
| 583 | a | Действие | Получение впервые 319 01.11.2005 | |
| k | Исполнитель действия | ООО "Издательство ЮНИТИ-ДАНА" | ||
| 583 | a | Действие | Приписка 331 08.09.2006 | |
| k | Исполнитель действия | ОАО "БИБКОМ" | ||
| 653 | 0_ | a | Ключевые слова | Андрагогика |
| a | Ключевые слова | Взрослые | ||
| a | Ключевые слова | Образование взрослых | ||
| a | Ключевые слова | Учебники для вузов | ||
| a | Ключевые слова | Учебники для дополнительного профессионального образования | ||
| 863 | t | 00108045 | ||
| 863 | t | 00108046 | ||
| 863 | t | 00108047 | ||
| 888 | a | За счет средств университета | ||
| 901 | t | Тип документа | m | |
| 920 | a | Оператор | Лиси | |
| a | Оператор | Суха | ||
| 930 | a | Новая/Ретро | ретро | |
| 952 | p | 319.2005 148.80 1 822787 | ||
| p | 319.2005 148.80 1 822788 | |||
| p | 319.2005 148.80 1 822789 | |||
| p | 331.2006 251.08 1 849572 | |||
| c | Вид литературы | К ру | ||
| 954 | a | Дата поступления на обработку | 20051122 | |
| 954 | a | Дата поступления на обработку | 20200409 |